000
00213nam a22000857a 4500
008
170228b xxu||||| |||| 00| 0 eng d
100
_9
2947
_a
Bhattacharjee.T.
245
_a
Geography-VIII
260
_a
New Delhi
_b
APC
_c
2009
999
_c
6191
_d
6191